Among Us Map Quiz - Statistics

General Stats
  • This quiz has been taken 46 times
  • The average score is 11 of 15
Answer Stats
Hint Answer % Correct
Do task Crewmate
86%
Which colour is sus Red
86%
Airship Airship
83%
Electric Electrical
83%
Heaven Guardian Angel
79%
Kill Imposter
79%
Kill the Lights Sabotage
79%
Planet Polus
72%
Chemical Scientist
72%
Morphling,Sheriff,Jester Random Roles
69%
Spaceship Skeld
66%
Tree O2
59%
Headquarters Mira HQ
55%
Upper,Lower. Skeld Engine
52%
Foot SSundee
48%
No matching quizzes found
Score Distribution
Percent of People with Each Score
Percentile by Number Answered
Your Score History
You have not taken this quiz